| 000 | 00765cab a2200217 4500 | ||
|---|---|---|---|
| 001 | WB2930-29 | ||
| 008 | 090401t1993 xxu||||| |||| 00| 0 eng d | ||
| 035 | _a(Sirsi) u89241 | ||
| 041 | _aeng | ||
| 100 | _aEvans, D. | ||
| 245 | 3 | _aAn environmental role for common law | |
| 260 | _c1993 | ||
| 350 | _a0 | ||
| 490 |
_aCSW - The Property Week _v44(7/8) 12/19 August 1993, 36(1) |
||
| 520 | _aLooks at case law on nuisance, especially private nuisance where a person may be doing something on his land which he is lawfully entitled to do but it may become a nuisance when the consequences extend to his neighbour`s land. | ||
| 650 | _aNEIGHBOURS | ||
| 650 | _aNUISANCE | ||
| 690 | _aENVIRONMENTAL AND LAND CONSULTANCY | ||
| 942 | _n0 | ||
| 948 | _c04/03/1997 | ||
| 999 |
_c56444 _d56444 |
||